Modern-Day Countries of the North Sea Empire with a Map - Statistics

General Stats
  • This quiz has been taken 4,472 times
  • The average score is 8 of 8
Answers on the Map
Answers color-coded by a green-red scale on the quiz's map according to % correct below.
 
Answer Stats
Countries % Correct
Norway
100%
United Kingdom
100%
Denmark
99%
Sweden
99%
Germany
97%
Canada
95%
Ireland
94%
Poland
90%
No matching quizzes found
Score Distribution
Percent of People with Each Score
Percentile by Number Answered
Your Score History
You have not taken this quiz